Dynamic scheduling with Microsoft Office Project 2007 : (Record no. 13382)
[ view plain ]
| 000 -LEADER | |
|---|---|
| fixed length control field | 00875cam a2200217 a 4500 |
| 003 - CONTROL NUMBER IDENTIFIER | |
| control field | OSt |
| 005 - DATE AND TIME OF LATEST TRANSACTION | |
| control field | 20140310182432.0 |
| 008 - FIXED-LENGTH DATA ELEMENTS--GENERAL INFORMATION | |
| fixed length control field | 070906s2008 flua b 001 0 eng |
| 020 ## - INTERNATIONAL STANDARD BOOK NUMBER | |
| International Standard Book Number | 9781932159875 (pbk. : alk. paper) |
| 020 ## - INTERNATIONAL STANDARD BOOK NUMBER | |
| International Standard Book Number | 1932159878 (pbk. : alk. paper) |
| 050 00 - LIBRARY OF CONGRESS CALL NUMBER | |
| Classification number | HD 69.P75 |
| Item number | .Am48 2008 |
| 100 1# - MAIN ENTRY--PERSONAL NAME | |
| Personal name | Ambriz, Rodolfo. |
| 9 (RLIN) | 7462 |
| 245 10 - TITLE STATEMENT | |
| Title | Dynamic scheduling with Microsoft Office Project 2007 : |
| Remainder of title | the book by and for professionals / |
| Statement of responsibility, etc | Rodolfo Ambriz |
| 260 ## - PUBLICATION, DISTRIBUTION, ETC. (IMPRINT) | |
| Place of publication, distribution, etc | Ft. Lauderdale, Fla. : |
| Name of publisher, distributor, etc | J. Ross Pub. ; |
| Place of publication, distribution, etc | [New York] : |
| Name of publisher, distributor, etc | International Institute for Learning, |
| Date of publication, distribution, etc | c2008. |
| 300 ## - PHYSICAL DESCRIPTION | |
| Extent | xxix, 727 p. : |
| Other physical details | ill. (some col.) ; |
| Dimensions | 24 cm. |
| 630 00 - SUBJECT ADDED ENTRY--UNIFORM TITLE | |
| Uniform title | Microsoft Project. |
| 9 (RLIN) | 7463 |
| 650 #0 - SUBJECT ADDED ENTRY--TOPICAL TERM | |
| Topical term or geographic name as entry element | Project management |
| General subdivision | Computer programs. |
| 9 (RLIN) | 7464 |
| 856 41 - ELECTRONIC LOCATION AND ACCESS | |
| Materials specified | Table of contents only |
| Uniform Resource Identifier | <a href="http://www.loc.gov/catdir/toc/ecip0726/2007036752.html">http://www.loc.gov/catdir/toc/ecip0726/2007036752.html</a> |
| 942 ## - ADDED ENTRY ELEMENTS (KOHA) | |
| Source of classification or shelving scheme | Library of Congress Classification |
| Koha item type | |
| Withdrawn status | Lost status | Source of classification or shelving scheme | Damaged status | Home library | Current library | Shelving location | Date acquired | Total Checkouts | Full call number | Barcode | Date last seen | Copy number | Price effective from | Koha item type |
|---|---|---|---|---|---|---|---|---|---|---|---|---|---|---|
| Library of Congress Classification | South SEED-LPDH College Library | South SEED-LPDH College Library | South SEED-LPDH College Section | 08/03/2013 | HD 69.P75 .Am48 2008 | SSLC0774 | 05/15/2018 | 1 | 11/06/2013 | Books |